| 000 | 00556nam a2200157 i 4500 | ||
|---|---|---|---|
| 001 | 45762 | ||
| 003 | ES-MaACL | ||
| 005 | 20230906161255.0 | ||
| 007 | t| | ||
| 008 | 030326s1956 lu ||||1| fre d | ||
| 110 | 2 |
_aComunidad Europea del Carbón y del Acero. _93133 |
|
| 245 | 1 | 0 |
_aHaute autorite sur le chemin de l'integration europeenne _b: premiers resultats pour le charbon et l'acier / _cCommunauté Europenne du Charbon et de l'Acier. |
| 260 |
_aLuxembourg : _b[s.n., _c1956] |
||
| 300 |
_a32 p. ; _c21 cm. |
||
| 852 |
_aES-MaACL _j2025-F-25 _bR.42907 |
||
| 999 |
_c45762 _d45762 |
||